000 00888nam a22002175i 4500
001 154404
003 ES-MaACL
005 20250907063116.0
008 961110s1852 sp |||| | spa d
040 _aCLM
_bspa
_cCCPB | SIC
100 2 _aGomez Arias, Federico,
_d1828-1900
_9127368
245 1 0 _aEstetica e historia critica de la literatura desde su origen /
_cpor Federico Gomez Arias.
260 _aMadrid :
_b[s.n.],
_c1852 (
_fImprenta de la viuda de D.J. Vazquez Martinez e Hijos)
300 _a398, XI p. ;
_c24 cm.
505 8 _aIncluye: Noticia biográfica y bibliográfica del doctor D.Federico Gómez Arias / por su reconocida y amiga Da. C.A
597 1 _aPort. con viñeta xil.
650 7 _aEstética literaria
_2embne
_912544
650 _aLiteratura-
_xHistoria y crítica.
_914489
852 _aES-MaACL
_jC-3191
_z-- Enc. hol.
999 _c154404
_d154404